| 000 | | | 06110cbc2a2200289 x 450 |
| 001 | | | cd857eef-40f8-4720-8a08-abe2fde4e03e |
| 005 | | | 20170405091901.0 |
| 100 | ## | $a | 20120920l17751798k y0rusy0102 ca |
| 101 | 0# | $a | fre |
| 200 | 1# | $a | Записки разных лиц о Франции во времена Великой французской революции, письма разных лиц Екатерине II о положении во Франции, список лиц, вотировавших за смерть Людовика XVI, указ Павла I о поселении французских эмигрантов в России, документы о корпусе принца Конде, родословная фамилии Бонапартов |
| | $j | 1775-1798 |
| 251 | ## | $c | Дело |
| 215 | ## | $a | 167 листов |
| 225 | 0# | $a | Фонд БЕНКЕНДОРФЫ. АЛОПЕУСЫ. ШУВАЛОВЫ |
| | $h | Опись № 1 |
| 300 | ## | $a | На французском языке |
| 300 | ## | $a | Рукописный текст. Чернила |
| 300 | ## | $a | "Письма разных лиц Екатерине II..." - копии |
| 300 | ## | $a | Листы 90-93, 110-113 повреждены |
| 801 | #0 | $a | RU |
| | $b | НПО Опыт |
| | $c | 20120920 |
| 801 | #1 | $a | RU |
| | $b | НПО Опыт |
| | $c | 20120920 |
| | $2 | rusmarc |
| 801 | #2 | $a | RU |
| | $b | ПБ им. Б.Н. Ельцина |
| | $c | 20150319 |
| | $g | RCR |
| | $2 | rusmarc |
| 850 | ## | $a | Государственный архив Российской Федерации |
| 852 | ## | $a | ГА РФ |
| | $j | 471 |
| 937 | ## | $d | 25067570 |
| | $h | ПБ |
| 035 | ## | $a | RuPRLIB112601471 |
| 122 | 2# | $a | d1775###### |
| | $a | d1778###### |
| 461 | #0 | $1 | 001f7c9f590-7532-4072-ab95-8efff778221f |
| | $1 | 2001 |
| | $a | БЕНКЕНДОРФЫ. АЛОПЕУСЫ. ШУВАЛОВЫ. Бенкендорф Александр Константинович, граф, посол в Дании, Англии. 18??-1916. Бенкендорф Константин Константинович, отец А. К. Бенкендорфа, военный агент в Берлине, посланник при Вюртембергском дворе. 1817-1858. Бенкендорф Константин Христофорович, дед А. К. Бенкендорфа, генерал-адъютант, участник Отечественной войны 1812 г., русско-персидской войны 1826-1828 гг., русско-турецкой войны 1828-1829 гг. 1785-1828. Алопеус Максим Максимович, родственник Бенкендорфов, посланник в Берлине. 1748-1822. Шувалов Петр Павлович, мировой судья Уманского округа Киевской губернии. 1819-1901 |
| | $1 | 251 |
| | $c | Фонд |
| | $1 | 852 |
| | $j | 1126 |
| 462 | #0 | $1 | 001fc0ce2ae-3ed1-410b-8f52-fe1a89921869 |
| | $1 | 2001 |
| | $a | Бенкендорфы. Алопеусы. Шуваловы |
| | $v | Д. 471 |
| | $1 | 251 |
| | $c | Опись |
| | $1 | 852 |
| | $j | 1 |
| 605 | ## | $2 | acquisition_Prlib |
| | $3 | DITM\AF\0000002775 |
| | $a | Власть |
| | $l | коллекция |
| 605 | ## | $2 | acquisition_Prlib |
| | $3 | LIBNET\UAF\0000064838 |
| | $a | Россия – Франция: из истории взаимоотношений |
| | $l | коллекция |
| 607 | ## | $2 | prlib_sh |
| | $3 | LIBNET\UAF\0000066421 |
| | $a | Франция |
| | $j | Документы и материалы |
| | $x | Политика и управление |
| | $z | кон. 18 - 19 вв. |
| 607 | ## | $a | Россия |
| | $j | Документы и материалы |
| | $x | Взаимоотношения |
| | $z | 18 в. |
| | $y | Франция |
| | $2 | nlr_sh |
| | $3 | RU\NLR\AUTH\661547734 |
| 607 | ## | $a | Франция |
| | $j | Документы и материалы |
| | $x | Взаимоотношения |
| | $z | 18 в. |
| | $y | Россия |
| | $2 | nlr_sh |
| | $3 | RU\NLR\AUTH\661547735 |
| 617 | ## | $2 | prlib_sh |
| | $a | Франция |
| 686 | ## | $a | 63.3(4Фра)52-33ю11 |
| | $v | LBC/M |
| | $2 | rubbk |